El Nuevo Testamento / (Record no. 50512)

MARC details
000 -LEADER
campo de control de longitud fija 00744nam a2200229 i 4500
001 - NÚMERO DE CONTROL
campo de control 50512
003 - IDENTIFICADOR DE NÚMERO DE CONTROL
campo de control ES-MaACL
005 - FECHA Y HORA DE LA ÚLTIMA TRANSACCIÓN
campo de control 20250627063631.0
007 - CAMPO FIJO DE DESCRIPCIÓN FÍSICA--INFORMACIÓN GENERAL
campo de control de longitud fija t|
008 - DATOS DE LONGITUD FIJA--INFORMACIÓN GENERAL
campo de control de longitud fija 030805s1971 sp ||||1| spa d
100 1# - ENTRADA PRINCIPAL--NOMBRE DE PERSONA
Nombre de persona Cullmann, Oscar,
Fechas asociadas al nombre 1902-1999
9 (RLIN) 42150
245 13 - MENCIÓN DEL TÍTULO
Título El Nuevo Testamento /
Mención de responsabilidad, etc. Oscar Cullmann ; versión de Marina Mayoral y Andrés Amorós.
260 ## - PUBLICACIÓN, DISTRIBUCIÓN, ETC.
Lugar de publicación, distribución, etc. [Madrid] :
Nombre del editor, distribuidor, etc. Taurus,
Fecha de publicación, distribución, etc. [1971]
300 ## - DESCRIPCIÓN FÍSICA
Extensión 196 p. ;
Dimensiones 18 cm.
490 1# - MENCIÓN DE SERIE
Mención de serie El futuro de la verdad ;
Designación de volumen o secuencia 42
630 04 - PUNTO DE ACCESO ADICIONAL DE MATERIA--TÍTULO UNIFORME
Título uniforme Biblia.
Nombre de parte o sección de la obra N.T.-
Subdivisión de forma Comentarios.
9 (RLIN) 119290
700 1# - ENTRADA AGREGADA--NOMBRE PERSONAL
Nombre de persona Mayoral, Marina.
9 (RLIN) 79422
700 1# - ENTRADA AGREGADA--NOMBRE PERSONAL
Nombre de persona Amorós, Andrés.
9 (RLIN) 21309
830 0# - PUNTO DE ACCESO ADICIONAL DE SERIE-TÍTULO UNIFORME
Título uniforme El futuro de la verdad ;
Designación de volumen o secuencia 42
9 (RLIN) 180936
852 ## - LOCALIZACIÓN
Ubicación ES-MaACL
Número de control de estantería C-44904
Sublocalización o colección R.77315
Holdings
Estatus retirado Estado de pérdida Estado de daño No para préstamo Biblioteca de origen Biblioteca actual Ubicación en estantería Fecha de adquisición Fuente de adquisición Total de préstamos Signatura topográfica completa Código de barras Visto por última vez Precio de reemplazo Tipo de ítem Koha
        Biblioteca del Ateneo de Madrid Biblioteca del Ateneo de Madrid Depósito 2 17/01/2008     C-44904 1053134 23/02/2023 23/02/2023 Libro impreso